000 00488nam a2200181Ia 4500
005 20250508154305.0
008 008 250505s9999 xx 000 0 eng d
037 _aTextual
040 _aFEDL
_beng
_cFEDL
041 _aeng
_2eng
084 _a361, KHI
_qFEDL
100 _aKhinduka S. K. Ed.
_9765249
245 0 _aSocial work in India
260 _aAllahabad, India
_bKitab Mahal
_c1965
300 _axvi,335p
942 _cTEXL
_h361, KHI
999 _c1349393
_d1349393